| 000 | 01090nam a2200241 a 4500 | ||
|---|---|---|---|
| 001 | BRCA_7264 | ||
| 005 | 20190320205755.0 | ||
| 008 | 040211s2011----mx-a######---#000-0#spa-# | ||
| 020 | _a9786077916284 | ||
| 041 | _aspa | ||
| 044 | _amx | ||
| 050 | 4 |
_aF1226 _b.M49 2011 |
|
| 245 | 1 | 0 |
_aMéxico 200 años _bla patria en construcción : memoria del proyecto y recorrido virtual de la exposición _cEmilio Montemayor coordinación editorial y textos ; Carlos Blanco levantamiento fotográfico. |
| 260 |
_aMéxico _bPresidencia de la República _c2011 |
||
| 300 |
_a247 p. _bil. a color _c32 cm. _e2 CD´s con el recorrido virtual. |
||
| 610 | 2 | 4 |
_aPalacio Nacional (Ciudad de México) _vExposiciones _yBicentenario de la independencia, 1810-2010 _917990 |
| 610 | 2 | 4 |
_aPalacio Nacional (Ciudad de México) _xMuseografía _917991 |
| 651 | 4 |
_aMéxico _xHistoria _yBicentenario de la independencia, 1810-2010 _914099 |
|
| 651 | 4 |
_aMéxico _xHistoria _yCentenario de la Revolución Mexicana, 1910-2010 _914100 |
|
| 700 | 1 |
_aMontemayor, Emilio _917992 |
|
| 700 | 1 |
_aBlanco, Carlos _917993 |
|
| 942 |
_2lcc _cB |
||
| 999 |
_c6944 _d6944 |
||